| 000 | 00578nam a22001697a 4500 | ||
|---|---|---|---|
| 020 | _qHard cover. | ||
| 082 | _a621 | ||
| 100 | _aAkhtar, Tehseen | ||
| 245 |
_aModelling and LQR Based Linearized Control Strategy of Quad Rotor AirCraft / _cTehseen Akhtar. |
||
| 260 |
_aIslamabad: _bCEME NUST, _c2013. |
||
| 300 |
_a44 p. : _bill. ; _c30cm. |
||
| 650 |
_a MS- Mechatronics Engineering _934917 |
||
| 700 |
_aDr. Knuwar Faraz _929557 |
||
| 856 | _uhttp://10.250.8.41:8080/xmlui/handle/123456789/36905 | ||
| 942 |
_2ddc _cSC |
||
| 999 |
_c535057 _d535057 |
||